000 00910nam a2200241 a 4500
001 000023949
005 20200930022607.0
008 110117s1970 ve r 000 0 spa d
040 _aDO-SdBNP
_bspa
_cBNPHU
041 1 7 _aspa
_hger
_2Código de idiomas MARC
082 _annnn
_bB468s
100 1 _aBenjamin, Walter,
_d1892-1940
_99078
240 1 0 _aIlluminationen-Ausgewählte Schriften.
_lEspañol
245 1 0 _aSobre el programa de la filosofía futura :
_by otros ensayos /
_cWalter Benjamin ; traducción de Roberto J. Vernengo.
260 _aVenezuela :
_bMonte Ávila,
_c1970.
300 _a251, [2] p. ;
_c20 cm.
490 1 _aPrisma
504 _aIncluye referencias bibliográficas y notas al pie de las páginas.
534 _pTítulo original en alemán:
_tIlluminationen-Ausgewählte Schriften.
_c1961
700 1 _aVernengo, Roberto J.,
_etr.
_913281
830 0 _aPrisma
_93770
049 _aBNGR
999 _c23445
_d23445